<?xml version="1.0" encoding="UTF-8"?>
<collection xmlns="http://www.loc.gov/MARC21/slim">
 <record>
  <leader>02240nam a22004095a 4500</leader>
  <controlfield tag="001">CEM.cems013001</controlfield>
  <controlfield tag="008">130507s2008##################000#0#####d</controlfield>
  <controlfield tag="005">20231123175609.0</controlfield>
  <datafield tag="245" ind1="1" ind2="0">
   <subfield code="a">Geografía de américa latina /</subfield>
   <subfield code="c">Rodolfo Bertoncello, Diego M. Ríos, Andrea B. Salleras</subfield>
  </datafield>
  <datafield tag="260" ind1=" " ind2=" ">
   <subfield code="a">Buenos Aires :</subfield>
   <subfield code="b">Santillana,</subfield>
   <subfield code="c">2008</subfield>
  </datafield>
  <datafield tag="300" ind1=" " ind2=" ">
   <subfield code="a">224 p.</subfield>
  </datafield>
  <datafield tag="490" ind1="0" ind2=" ">
   <subfield code="a">Nuevamente</subfield>
  </datafield>
  <datafield tag="500" ind1=" " ind2=" ">
   <subfield code="a">Para nivel Educación Secundaria Básica</subfield>
  </datafield>
  <datafield tag="505" ind1="0" ind2=" ">
   <subfield code="a">América Latina: unidad y diversidad -- América Latina, ayer y hoy -- Imágenes de América Latina -- La población de América Latina -- Las condiciones naturales -- El ambiente y los recursos -- Las actividades primarias -- La industria y los servicios -- La economía latinoamericana -- Vivir y trabajar en América Latina -- América Latina en el mundo: desafíos y oportunidades -- El Mercosur -- América andina -- México -- América Central y el Caribe</subfield>
  </datafield>
  <datafield tag="020" ind1=" " ind2=" ">
   <subfield code="a">9789504619048</subfield>
  </datafield>
  <datafield tag="100" ind1="1" ind2=" ">
   <subfield code="a">Bertoncello, Rodolfo</subfield>
  </datafield>
  <datafield tag="700" ind1="1" ind2=" ">
   <subfield code="a">Ríos, Diego M.</subfield>
  </datafield>
  <datafield tag="700" ind1="1" ind2=" ">
   <subfield code="a">Salleras, Andrea B.</subfield>
  </datafield>
  <datafield tag="082" ind1="0" ind2="4">
   <subfield code="a">Z918</subfield>
  </datafield>
  <datafield tag="653" ind1=" " ind2=" ">
   <subfield code="a">Geografía</subfield>
  </datafield>
  <datafield tag="653" ind1=" " ind2=" ">
   <subfield code="a">Geografía de américa</subfield>
  </datafield>
  <datafield tag="653" ind1=" " ind2=" ">
   <subfield code="a">Geografía 2º-esb</subfield>
  </datafield>
  <datafield tag="653" ind1=" " ind2=" ">
   <subfield code="a">Geografía-educación secundaria básica</subfield>
  </datafield>
  <datafield tag="859" ind1=" " ind2=" ">
   <subfield code="a">CEMS</subfield>
   <subfield code="b">BIB. CEMS - 11 de abril</subfield>
   <subfield code="h">918</subfield>
   <subfield code="i">B462-1</subfield>
   <subfield code="p">25341.08</subfield>
   <subfield code="t">Ej.1</subfield>
  </datafield>
  <datafield tag="859" ind1=" " ind2=" ">
   <subfield code="a">CEMS</subfield>
   <subfield code="b">BIB. CEMS - Agricultura</subfield>
   <subfield code="h">918</subfield>
   <subfield code="i">B462-1</subfield>
   <subfield code="p">A0841.09</subfield>
   <subfield code="t">Ej.1</subfield>
  </datafield>
  <datafield tag="859" ind1=" " ind2=" ">
   <subfield code="a">CEMS</subfield>
   <subfield code="b">BIB. CEMS - 11 de abril</subfield>
   <subfield code="h">918</subfield>
   <subfield code="i">B462-1</subfield>
   <subfield code="p">25342.08</subfield>
   <subfield code="t">Ej.2</subfield>
  </datafield>
  <datafield tag="859" ind1=" " ind2=" ">
   <subfield code="a">CEMS</subfield>
   <subfield code="b">BIB. CEMS - Agricultura</subfield>
   <subfield code="h">918</subfield>
   <subfield code="i">B462-1</subfield>
   <subfield code="p">A1125.09</subfield>
   <subfield code="t">Ej.2</subfield>
  </datafield>
  <datafield tag="859" ind1=" " ind2=" ">
   <subfield code="a">CEMS</subfield>
   <subfield code="b">BIB. CEMS - 11 de abril</subfield>
   <subfield code="h">918</subfield>
   <subfield code="i">B462-1</subfield>
   <subfield code="p">25343.08</subfield>
   <subfield code="t">Ej.3</subfield>
  </datafield>
  <datafield tag="859" ind1=" " ind2=" ">
   <subfield code="a">CEMS</subfield>
   <subfield code="b">BIB. CEMS - Agricultura</subfield>
   <subfield code="h">918</subfield>
   <subfield code="i">B462-1</subfield>
   <subfield code="p">A1253.11</subfield>
   <subfield code="t">Ej.3</subfield>
  </datafield>
  <datafield tag="859" ind1=" " ind2=" ">
   <subfield code="a">CEMS</subfield>
   <subfield code="b">BIB. CEMS - 11 de abril</subfield>
   <subfield code="h">918</subfield>
   <subfield code="i">B462-1</subfield>
   <subfield code="p">25958.10</subfield>
   <subfield code="t">Ej.4</subfield>
  </datafield>
  <datafield tag="859" ind1=" " ind2=" ">
   <subfield code="a">CEMS</subfield>
   <subfield code="b">BIB. CEMS - Agricultura</subfield>
   <subfield code="h">918</subfield>
   <subfield code="i">B462-1</subfield>
   <subfield code="p">A1254.11</subfield>
   <subfield code="t">Ej.4</subfield>
  </datafield>
  <datafield tag="859" ind1=" " ind2=" ">
   <subfield code="a">CEMS</subfield>
   <subfield code="b">BIB. CEMS - 11 de abril</subfield>
   <subfield code="h">918</subfield>
   <subfield code="i">B462-1</subfield>
   <subfield code="p">26002.10</subfield>
   <subfield code="t">Ej.5</subfield>
  </datafield>
  <datafield tag="859" ind1=" " ind2=" ">
   <subfield code="a">CEMS</subfield>
   <subfield code="b">BIB. CEMS - Agricultura</subfield>
   <subfield code="h">918</subfield>
   <subfield code="i">B462-1</subfield>
   <subfield code="p">A1417.11</subfield>
   <subfield code="t">Ej.5</subfield>
  </datafield>
  <datafield tag="859" ind1=" " ind2=" ">
   <subfield code="a">CEMS</subfield>
   <subfield code="b">BIB. CEMS - 11 de abril</subfield>
   <subfield code="h">918</subfield>
   <subfield code="i">B462-1</subfield>
   <subfield code="p">26003.10</subfield>
   <subfield code="t">Ej.6</subfield>
  </datafield>
  <datafield tag="859" ind1=" " ind2=" ">
   <subfield code="a">CEMS</subfield>
   <subfield code="b">BIB. CEMS - Agricultura</subfield>
   <subfield code="h">918</subfield>
   <subfield code="i">B462-1</subfield>
   <subfield code="p">A1941.14</subfield>
   <subfield code="t">Ej.6</subfield>
  </datafield>
  <datafield tag="859" ind1=" " ind2=" ">
   <subfield code="a">CEMS</subfield>
   <subfield code="b">BIB. CEMS - 11 de abril</subfield>
   <subfield code="h">918</subfield>
   <subfield code="i">B462-1</subfield>
   <subfield code="p">29807.23</subfield>
   <subfield code="t">Ej. 7</subfield>
  </datafield>
  <datafield tag="859" ind1=" " ind2=" ">
   <subfield code="a">CEMS</subfield>
   <subfield code="b">BIB. CEMS - Agricultura</subfield>
   <subfield code="h">918</subfield>
   <subfield code="i">B462-1</subfield>
   <subfield code="p">A2211.15</subfield>
   <subfield code="t">Ej.7</subfield>
  </datafield>
 </record>
</collection>
